000 00291nam a2200133Ia 4500
008 240624s9999 xx 000 0 und d
041 _aeng
082 _a823 WOD
100 _aWODEHOUSE P G
245 _aJEEVES OMNIBUS
260 _c1993
_aLondon
_bHutchinson
365 _cRS
440 _v2
999 _c21493
_d21493